| 000 | 00821nam a22001577a 4500 | ||
|---|---|---|---|
| 003 | OSt | ||
| 005 | 20151104145117.0 | ||
| 008 | 151104b xxu||||| |||| 00| 0 eng d | ||
| 040 | _cRUA | ||
| 082 | _aFOR UON 1999 B125 Or.1 | ||
| 100 |
_93346 _aUONG, BUNLONG. |
||
| 245 | _aThe management and usage of forest resources by tradition of local communities in poy commune o' chum district rattananiri province, ការគ្រប់គ្រង និងការប្រើប្រាស់ធនធានព្រៃឈើតាមលក្ខណៈប្រពៃណីរបស់សហគមន៏មូលដ្ឋានក្នុងឃុំប៉ូយ ស្រុកអូរជុំ ខេត្តរនៈគីរី | ||
| 260 |
_aPhmon Penh _bRUA _c1999 |
||
| 300 |
_a62p. _bill. _c29cm. |
||
| 942 |
_2ddc _cFOR |
||
| 999 |
_c3122 _d3122 |
||